00543pab a2200181 454500008004000000100002600040245005500066260000900121300001600130362001100146650002000157650001200177773003400189908000600223909001000229999001700239952010500256180718b2007 xxu||||| |||| 00| 0 eng d aTiwari, Badri Narayan aReactivating the past: dalits and memories of 1857 c2007 ap.1734-738. a12 May aIndia - History aHistory aEconomic and Political Weekly aN a74000 c74000d74000 00104070aIIPAbIIPAd2018-07-19hVolume no: 42, Issue no: 19pAR74460r2018-07-19w2018-07-19yAR